| 000 | 006260000a22001810004500 | ||
|---|---|---|---|
| 003 | MACL | ||
| 005 | 20160329161056.0 | ||
| 008 | 160329b xxu||||| |||| 00| 0 eng d | ||
| 040 |
_aMACL _cMACL |
||
| 041 | _aHindi | ||
| 082 | _a100 | ||
| 100 |
_aदिवेदी रेखा _948734 |
||
| 245 | _aसर्वधर्म-समभव एक विश्लेषण | ||
| 260 |
_bराष्ट्रीय सांप्रदायिक सद़भाव प्रतिष्ठान _c2004 _aनई दिल्ली |
||
| 350 | _a350 | ||
| 650 |
_aPhilisophy _948735 |
||
| 942 |
_cHIN _k100 _2ddc |
||
| 999 |
_c11660 _d11660 |
||